| 000 | 00000nam##2200000za#4500 |
| 001 | 9.570470 |
| 003 | CaOODSP |
| 005 | 20220302142613 |
| 007 | cr ||||||||||| |
| 008 | 150406|2006||||xxc|||||o f|0| 0 eng|d |
| 040 | |aCaOODSP|beng |
| 043 | |an-cn--- |
| 086 | 1 |aIu182-2/2006-C-13E-PDF |
| 110 | 1 |aCanada. |bIndustry Canada. |bMicro-Economic Policy Analysis Branch. |
| 245 | 10|aRecent changes to student loan and tuition-setting policies in post-secondary education : |h[electronic resource]|bcomparing Australia, New Zealand and the United Kingdom / |c[by] Saul Schwartz. |
| 260 | |aOttawa - Ontario : |bIndustry Canada. |
| 300 | |a47p.|btables |
| 490 | 1 |aSkills Research Initiative - Working paper series|v2006 C-13 |
| 504 | |aBibliography. |
| 546 | |a(Résumé en français.) |
| 590 | |a12-10-Supp|b2012-03-23 |
| 720 | 1 |aSchwartz, Saul |
| 830 | #0|aSkills Research Initiative working paper series ;|v2006 C-13|w(CaOODSP)9.506390 |
| 856 | 40|ahttp://publications.gc.ca|qPDF|s559 KB|uhttps://publications.gc.ca/collections/collection_2011/ic/Iu182-2-2006-C-13-eng.pdf|y2006 C-13 |
| 986 | |aIC 60114 |